La humanidad del genoma : ADN, política y sociedad /

¿Qué mayor misterio que la vida misma, esa cocina donde se mezcla lo que traemos de fábrica con lo que los biólogos llaman 'el ambiente'? En este libro, uno de los más importantes científicos 'industria argentina' (pero que también exportamos al mundo) enseña los secretos de la b...

Descripción completa

Guardado en:
Autor Principal: Kornblihtt, Alberto, 2015.
Formato: Libro
Idioma:Undetermined
Publicado: Buenos Aires : Siglo XXI, 2015.
Edición:1era ed.
Series:Ciencia que ladra... Dirigida por Diego Golombek
Materias:
Etiquetas: Agregar Etiqueta
Sin Etiquetas, Sea el primero en etiquetar este registro!
LEADER 02083nam a22002175a 4500
001 CEM.cems025213
008 260612s2015####ag############000#0#und#d
005 20260612095747.0
245 1 0 |a La humanidad del genoma :  |b ADN, política y sociedad /  |c Alberto Kornblihtt. 
250 |a 1era ed. 
260 |a Buenos Aires :  |b Siglo XXI,  |c 2015. 
300 |a 128 p. ;  |c 20 cm. 
490 1 |a Ciencia que ladra... Dirigida por Diego Golombek 
520 |a ¿Qué mayor misterio que la vida misma, esa cocina donde se mezcla lo que traemos de fábrica con lo que los biólogos llaman 'el ambiente'? En este libro, uno de los más importantes científicos 'industria argentina' (pero que también exportamos al mundo) enseña los secretos de la biología con la misma pasión que pone en sus clases e investigaciones. ¿Existen las razas humanas? ¿Se pueden clonar personas? ¿Son seguros los alimentos transgénicos? ¿Cómo incide el componente genético en el riesgo de contraer enfermedades? ¿Está escrito en nuestros genes a quién podemos amar o qué música puede gustarnos? ¿Por qué es irrefutable la teoría de la evolución? Esas son sólo algunas de las preguntas que atraviesan este libro fascinante, que trata de lo que somos, lo que fuimos y lo que tal vez lleguemos a ser. Pero Kornblihtt no se detiene en papers y tubos de ensayo, sino que va más allá y revela la articulación de estas cuestiones con algunos de los problemas más sensibles de nuestra sociedad, como el rol de los genes en la determinación de la identidad y los lazos biológicos de las personas, la utilización de embriones humanos para la fertilización asistida o los contenidos irrenunciables de la educación pública y gratuita. Ser humanos, conocer nuestro genoma y sus consecuencias, hacernos todas las preguntas que hagan falta: un mandato necesario para el siglo XXI. 
020 |a 9789876293495 
100 1 |a Kornblihtt, Alberto,  |d 2015. 
082 0 4 |a 320 
653 |a Ciencias 
653 |a Ciencias Políticas 
653 |a Política 
859 |a CEMS  |b BIB. CEMS - Agricultura  |h 320  |i K842  |p A4194.26  |t Ej.1